| 000 -LEADER |
| fixed length control field |
01105pab a2200193 454500 |
| 008 - FIXED-LENGTH DATA ELEMENTS--GENERAL INFORMATION |
| fixed length control field |
180718b2014 xxu||||| |||| 00| 0 eng d |
| 100 ## - MAIN ENTRY--PERSONAL NAME |
| Personal name |
Barrington, Anne |
| 245 ## - TITLE STATEMENT |
| Title |
Setting out a vision for the civil service in Ireland |
| 260 ## - PUBLICATION, DISTRIBUTION, ETC. |
| Date of publication, distribution, etc. |
2014 |
| 300 ## - PHYSICAL DESCRIPTION |
| Extent |
p.65-92. |
| 520 ## - SUMMARY, ETC. |
| Summary, etc. |
For all the charges made against it, the civil service has worked with reasonable efficiency. It has served different Governments loyally and with regard to the national interest. In its long established traditions, it operates impartially. It has tried as best it could within the framework of its organisation and resources to promote the development of a nation; it has given its advice to Ministers fairly and honestly and, when given the final decisions of the Government, it has implemented them without reservation. The civil service has contributed much to what is progressive in our national life. - Reproduced. |
| 650 ## - SUBJECT ADDED ENTRY--TOPICAL TERM |
| Topical term or geographic name entry element |
Civil service - Ireland |
| 650 ## - SUBJECT ADDED ENTRY--TOPICAL TERM |
| Topical term or geographic name entry element |
Civil service |
| 700 ## - ADDED ENTRY--PERSONAL NAME |
| Personal name |
MacFeely, Steve |
| 700 ## - ADDED ENTRY--PERSONAL NAME |
| Personal name |
Carpenter, Breffini |
| 773 ## - HOST ITEM ENTRY |
| Main entry heading |
Administration |
| 908 ## - PUT COMMAND PARAMETER (RLIN) |
| Put command parameter |
N |
| 909 ## - |
| -- |
107008 |